Constituciones políticas de la República de Chile 1810-2024.
Guardado en:
| Autor Corporativo: | |
|---|---|
| Formato: | Libro |
| Lenguaje: | español |
| Publicado: |
Santiago, Chile:
Diario Oficial de la República de Chile; Biblioteca del Congreso Nacional de Chile (BCN),
2024.
|
| Edición: | Tercera edición. |
| Materias: | |
| Etiquetas: |
Agregar Etiqueta
Sin Etiquetas, Sea el primero en etiquetar este registro!
|
MARC
| LEADER | 00000cam a2200000 a 4500 | ||
|---|---|---|---|
| 001 | UCD3939 | ||
| 003 | CL-VaPUC | ||
| 005 | 20250423160735.0 | ||
| 008 | 160623t20240000cl |||||||||||||||||spa|d | ||
| 999 | |c 447680 |d 447678 | ||
| 020 | |a 978-956-336-009-7 | ||
| 040 | |c Pontificia Universidad Católica de Valparaíso | ||
| 082 | 0 | 4 | |a 342.83023 TRI 2024 |2 21 |
| 110 | |a Tribunal Constitucional de Chile |e autor |9 876050 | ||
| 245 | 1 | 0 | |a Constituciones políticas de la República de Chile 1810-2024. |
| 250 | |a Tercera edición. |b Incluye texto actualizado. | ||
| 260 | |a Santiago, Chile: |b Diario Oficial de la República de Chile; |b Biblioteca del Congreso Nacional de Chile (BCN), |c 2024. | ||
| 300 | |a 842 páginas. | ||
| 500 | |a c.1-3: Donación del Decanato Escuela de Derecho. Memo DER N° 005. 17-03-2025. Biblioteca de Derecho. | ||
| 583 | |a last modification |c 20160623 20:47:00 |k Yessy Sthefany Diaz Vidal | ||
| 650 | 0 | |a Constitución política de Chile |x Evolución histórica |9 890575 | |
| 650 | 0 | |a Derecho constitucional |9 222588 |z Chile | |
| 942 | |c BK |2 ddc | ||
| 945 | |d 20160623 20:47:00 |a dcastane | ||
| 952 | |0 0 |1 0 |2 ddc |4 0 |6 342_830230000000000_TRI_2024 |7 0 |8 A |9 601930 |a BIBDER |b BIBDER |d 2025-03-26 |e Donación |i 5666805 |o 342.83023 TRI 2024 |p 5666805 |r 2025-03-26 |t 1 |w 2025-03-26 |y BK |k DER | ||
| 952 | |0 0 |1 0 |2 ddc |4 0 |6 342_830230000000000_TRI_2024 |7 0 |8 A |9 601931 |a BIBDER |b BIBDER |d 2025-03-26 |e Donación |i 5666806 |o 342.83023 TRI 2024 |p 5666806 |r 2025-03-26 |t 2 |w 2025-03-26 |y BK |k DER | ||
| 952 | |0 0 |1 0 |2 ddc |4 0 |6 342_830230000000000_TRI_2024 |7 0 |8 A |9 601932 |a BIBDER |b BIBDER |d 2025-03-26 |e Donación |i 5666807 |o 342.83023 TRI 2024 |p 5666807 |r 2025-03-26 |t 3 |w 2025-03-26 |y BK |k DER | ||